Lecture notes on aquaculture economics and farm management (Cantho university), (faculty of fisheries), Viet nam, july 24-28, 1995

This book included research methodologies on aquaculture production economics, investment ananlysis and aquaculture business management,...

Tallennettuna:
Bibliografiset tiedot
Päätekijä: Agbayani, Renato F.
Aineistotyyppi: Kirja
Kieli:Undetermined
Julkaistu: Can tho Can tho university 1995
Aiheet:
Tagit: Lisää tagi
Ei tageja, Lisää ensimmäinen tagi!
Thư viện lưu trữ: Trung tâm Học liệu Trường Đại học Cần Thơ
LEADER 00824nam a2200217Ia 4500
001 CTU_149831
008 210402s9999 xx 000 0 und d
082 |a 338.37 
082 |b A664 
100 |a Agbayani, Renato F. 
245 0 |a Lecture notes on aquaculture economics and farm management (Cantho university), (faculty of fisheries), Viet nam, july 24-28, 1995 
245 0 |c Renato F. Agbayani 
260 |a Can tho 
260 |b Can tho university 
260 |c 1995 
520 |a This book included research methodologies on aquaculture production economics, investment ananlysis and aquaculture business management,... 
526 |a Kinh tế thủy sản 
526 |b TS614 
650 |a Aquaculture industry,Fishery management 
904 |i Năm 
980 |a Trung tâm Học liệu Trường Đại học Cần Thơ